Донесение начальника РУ РККА С. П. Урицкого наркому обороны СССР К. Е. Ворошилову о латвийско-германских отношениях и поездке на...

RUSMARC
00003864cbm0a2200265#x 450
001bc892e61-712b-49f5-8d68-76fa2719b318
00520200427103651.0
100##$a20200422j19360929k###0rusy50 ca
1010#$arus
102##$aRU
1220#$ad19360929##
2001#$aДонесение начальника РУ РККА С. П. Урицкого наркому обороны СССР К. Е. Ворошилову о латвийско-германских отношениях и поездке начальника Генштаба латвийской армии М. Гартманиса в Москву
$j29 сентября 1936 г.
251##$cДокумент
300##$aПодлинник
461#0$12001
$aФ. 33987
$1251
$cФонд
$1852
$j33987
462#0$12001
$aОп. 3а
$1251
$cОпись
$1852
$j
462#0$12001
$aД. 863
$vЛ. 151-152
$1251
$cДело
$1852
$j863
605##$2prlib_sh
$3LIBNET\UAF\0000088514
$aВторая мировая война в архивных документах (Комплекс оцифрованных архивных документов, кино- и фотоматериалов)
$lколлекция
617##$aЛатвия
$f1936
$2prlib_sh
617##$aГермания
$f1936
$2prlib_sh
801#0$aRU
$bПБ им. Б.Н. Ельцина
$c20200422
801#1$aRU
$bПБ им. Б.Н. Ельцина
$c20200422
$2rusmarc
801#2$aRU
$bПБ им. Б.Н. Ельцина
$c20200427
$2rusmarc
850##$aРоссийский государственный военный архив
852##$aРГВА
$jЛ. 151-152
035##$aLIBNET\0001069911
937##$d144161672
$hРоссийский государственный военный архив
8564#$uhttp://readingroom.main.prlib.ru/item.aspx?id_node=n144161672&mode=full
Формат отображения